• 首页
  • 本馆介绍
  • 公告通知
  • 最新文献
  • 馆藏检索
  • 电子资源
  • 读者导购
  • 参考咨询
  • 我的图书馆
  • 登录
  • 详细信息显示
  • 放入我的书架
  • 预约/预借图书
  • 作者相关作品
  • 分类相关作品
  • 丛书相关作品
  • 出版社相关作品

书目信息

  • 表格格式
  • 工作单格式
  • 卡片格式
题名:
朱德祥代数与几何讲义
    
 
作者: 朱德祥 著
分册: 第3卷  
出版信息: 哈尔滨   哈尔滨工业大学出版社  2017.4
页数: 138页
开本: 25cm
丛书名:
单 册:
中图分类: O15 , O18
科图分类:
主题词: 代数--高等学校--教学参考资料 , 几何--高等学校--教学参考资料
电子资源:
ISBN: 978-7-5603-6186-4
000 00997nam0 2200253 450
001 0400001867
005 20171025153943.15
010    @a978-7-5603-6186-4@dCNY28.00
100    @a20170524e2017 em y0chiy50 ea
101 0  @achi
102    @aCN@b230000
105    @ay z 000yy
106    @ar
200 1  @a朱德祥代数与几何讲义@9zhu de xiang dai shu yu ji he jiang yi@h第3卷@f朱德祥著
210    @a哈尔滨@c哈尔滨工业大学出版社@d2017.4
215    @a138页@d25cm
330    @a该书是昆明师范学院数学系1951-1957年使用的自编讲义。1954年经教育部批准,作为全国高等师范院校交流教材。作者为国立清华大学十级(1934-1938)杰出校友、著名几何学家、数学教育家朱德祥教授。本书共四章,分别论述:二次曲线上之交比、二次曲面上之交比、虚圆点及绝对圆、二次曲线束、二次曲线列。
606 0  @a代数@x高等学校@j教学参考资料
606 0  @a几何@x高等学校@j教学参考资料
690    @aO15@v5
690    @aO18@v5
701  0 @a朱德祥@9zhu de xiang@4著
801  0 @aCN@b91MARC@c20171019
905    @b1025826-30@dO15@f5@e370:3
    
    朱德祥代数与几何讲义.第3卷/朱德祥著.-哈尔滨:哈尔滨工业大学出版社,2017.4
    138页;25cm
    
    
    ISBN 978-7-5603-6186-4:CNY28.00
    该书是昆明师范学院数学系1951-1957年使用的自编讲义。1954年经教育部批准,作为全国高等师范院校交流教材。作者为国立清华大学十级(1934-1938)杰出校友、著名几何学家、数学教育家朱德祥教授。本书共四章,分别论述:二次曲线上之交比、二次曲面上之交比、虚圆点及绝对圆、二次曲线束、二次曲线列。
●
相关链接 在E读中查询图书 在五车中查询图书 在当当中查询图书 在豆瓣中查询图书


正题名:朱德祥代数与几何讲义     索取号:O15/370:3         预约/预借

序号 登录号 条形码 馆藏地/架位号 状态 备注
1 1025826   210258264   第二样本阅览室/ [索取号:O15/370:3] 在馆    
2 1025827   210258273   第三借阅区/ [索取号:O15/370:3] 在馆    
3 1025828   210258282   第三借阅区/ [索取号:O15/370:3] 在馆    
4 1025829   210258291   第三借阅区/ [索取号:O15/370:3] 在馆    
5 1025830   210258308   密集书库-数信学院/ [索取号:O15/370:3] 在馆    
唐山师范学院图书馆 欢迎您!
大连网信软件有限公司© 版权所有